<?xml version="1.0" encoding="UTF-8"?>
<collection xmlns="http://www.loc.gov/MARC21/slim">
 <record>
  <leader>00796nam#a2200301#c#4500</leader>
  <controlfield tag="001">UMA-000164</controlfield>
  <controlfield tag="003">UMA</controlfield>
  <controlfield tag="005">20241125    142006</controlfield>
  <controlfield tag="008">241125suuuu####   ##########||||#0#spa#d</controlfield>
  <datafield tag="020" ind1="#" ind2="#">
   <subfield code="a">8477641781</subfield>
  </datafield>
  <datafield tag="041" ind1="0" ind2=" ">
   <subfield code="a">spa</subfield>
  </datafield>
  <datafield tag="044" ind1="#" ind2="#">
   <subfield code="a">sp</subfield>
  </datafield>
  <datafield tag="082" ind1="0" ind2="4">
   <subfield code="a">SEDE CENTRAL 541 ELM v.2</subfield>
  </datafield>
  <datafield tag="245" ind1="0" ind2="0">
   <subfield code="a">El mundo de la química: curso teórico-práctico 2</subfield>
  </datafield>
  <datafield tag="264" ind1="#" ind2="0">
   <subfield code="a">Barcelona, España</subfield>
   <subfield code="b">Océano</subfield>
   <subfield code="c">1988</subfield>
  </datafield>
  <datafield tag="300" ind1="#" ind2="#">
   <subfield code="a">v. 2, - 168 páginas</subfield>
   <subfield code="c">26 x 19 cm</subfield>
  </datafield>
  <datafield tag="336" ind1="#" ind2="#">
   <subfield code="a">texto</subfield>
   <subfield code="b">txt</subfield>
   <subfield code="2">rdacontent</subfield>
  </datafield>
  <datafield tag="337" ind1="#" ind2="#">
   <subfield code="a">no mediado</subfield>
   <subfield code="b">n</subfield>
   <subfield code="2">rdamedia</subfield>
  </datafield>
  <datafield tag="338" ind1="#" ind2="#">
   <subfield code="a">volumen</subfield>
   <subfield code="b">nc</subfield>
   <subfield code="2">rdacarrier</subfield>
  </datafield>
  <datafield tag="650" ind1="#" ind2="0">
   <subfield code="a">Química</subfield>
  </datafield>
  <datafield tag="650" ind1="#" ind2="0">
   <subfield code="a">No metales</subfield>
  </datafield>
  <datafield tag="650" ind1="#" ind2="0">
   <subfield code="a">Hidrógeno</subfield>
  </datafield>
  <datafield tag="650" ind1="#" ind2="0">
   <subfield code="a">Halógenos</subfield>
  </datafield>
  <datafield tag="650" ind1="#" ind2="0">
   <subfield code="a">Antígenos</subfield>
  </datafield>
  <datafield tag="650" ind1="#" ind2="0">
   <subfield code="a">Nitrogenoides</subfield>
  </datafield>
  <datafield tag="650" ind1="#" ind2="0">
   <subfield code="a">Carbonoides</subfield>
  </datafield>
  <datafield tag="650" ind1="#" ind2="0">
   <subfield code="a">Metales alcalinos</subfield>
  </datafield>
  <datafield tag="650" ind1="#" ind2="0">
   <subfield code="a">Sede Central</subfield>
  </datafield>
 </record>
</collection>
